| 000 | 00618nam a22001817a 4500 | ||
|---|---|---|---|
| 020 | _a9781801779524 | ||
| 082 |
_a005.75 _bPAR |
||
| 100 | _aAndrew Park | ||
| 245 |
_aData science and big data analytics: a step by step guide to learn data science from scratch with python machine learning and big data/ _cAndrew Park |
||
| 260 |
_aUSA: _bAndrew Park; _c2021. |
||
| 300 | _a122p. | ||
| 563 | _aPB. | ||
| 650 |
_aData science _9119982 |
||
| 650 |
_adata analytics _9123713 |
||
| 650 |
_aE-BOOKBANK.SEECSTEXTBOOK _9125472 |
||
| 856 | _uhttp://10.250.8.41:8080/xmlui/handle/123456789/44170 | ||
| 942 |
_2ddc _cBK |
||
| 999 |
_c609808 _d609808 |
||